Histoire de l'Italie du XVe au XVIIIe siècle (notice n° 1983763)

détails MARC
000 -LEADER
fixed length control field 01633cam a2200157 4500500
005 - DATE AND TIME OF LATEST TRANSACTION
control field 20260329043213.0
041 ## - LANGUAGE CODE
Language code of text/sound track or separate title fre
042 ## - AUTHENTICATION CODE
Authentication code dc
100 10 - MAIN ENTRY--PERSONAL NAME
Personal name Carrangeot, Delphine
Relator term author
245 00 - TITLE STATEMENT
Title Histoire de l'Italie du XVe au XVIIIe siècle
260 ## - PUBLICATION, DISTRIBUTION, ETC.
Name of publisher, distributor, etc. Armand Colin,<br/>
Date of publication, distribution, etc. 2022.<br/>
520 ## - SUMMARY, ETC.
Summary, etc. Foyer de création artistique et littéraire, creuset de nouvelles pratiques religieuses, terre de vestiges antiques, l’Italie est à l’époque moderne une source d’inspiration et un objet d’admiration pour l’Europe entière. Elle devient alors à la fois la caisse de résonance de multiples ambitions étrangères et un laboratoire politique et social original, au moment où ses transformations économiques mettent en place un système de production dans lequel se décèlent déjà les contrastes entre le Nord et le Sud. Adoptant une perspective chronologique et thématique large, ce manuel entend proposer une grande synthèse sur quatre siècles d’histoire de l’Italie et souligner toute la richesse de cette période en présentant les plus récents renouvellements historiographiques. Il met en lumière la situation originale d’une Italie moderne qui, morcelée en de multiples États et inexistante sur le plan politique, voit pourtant se développer une identité géographique, symbolique et culturelle spécifique dont l’existence précède le projet d’un État unitaire.
700 10 - ADDED ENTRY--PERSONAL NAME
Personal name Chapron, Emmanuelle
Relator term author
700 10 - ADDED ENTRY--PERSONAL NAME
Personal name Chauvineau, Hélène
Relator term author
856 41 - ELECTRONIC LOCATION AND ACCESS
Uniform Resource Identifier <a href="https://shs.cairn.info/histoire-de-l-italie-du-xve-au-xviiie-siecle--9782200631055?lang=fr&redirect-ssocas=7080">https://shs.cairn.info/histoire-de-l-italie-du-xve-au-xviiie-siecle--9782200631055?lang=fr&redirect-ssocas=7080</a>

Pas d'exemplaire disponible.

PLUDOC

PLUDOC est la plateforme unique et centralisée de gestion des bibliothèques physiques et numériques de Guinée administré par le CEDUST. Elle est la plus grande base de données de ressources documentaires pour les Étudiants, Enseignants chercheurs et Chercheurs de Guinée.

Adresse

627 919 101/664 919 101

25 boulevard du commerce
Kaloum, Conakry, Guinée

Réseaux sociaux

Powered by Netsen Group @ 2025